Lenguaje, verdad y lógica

Guardat en:
Dades bibliogràfiques
Autor principal: Ayer, Alfred Jules (Autor)
Format: Llibre
Idioma:espanyol
Publicat: Buenos Aires EUDEBA 1971
Edició:2a. ed
Col·lecció:Colección Ensayos
Matèries:
Etiquetes: Afegir etiqueta
Sense etiquetes, Sigues el primer a etiquetar aquest registre!

MARC

LEADER 00000nam a2200000 a 4500
001 UCZ2374
003 CL-VaPUC
008 950929e19710300AG |||||||||||||||||spa|d
082 0 4 |a 160  |b AYE  |2 21 
100 |a Ayer, Alfred Jules  |e author  |9 309502 
245 1 0 |a Lenguaje, verdad y lógica 
250 |a 2a. ed 
300 |a 196 p 
942 |c BK 
945 |d 19950929 00:00:00  |a cmena 
260 |a Buenos Aires  |b EUDEBA  |c 1971 
650 0 |a Ética  |9 255099 
650 0 |a Lógica  |9 256849 
650 0 |a Teología   |9 258766 
650 0 |a Lingüística  |9 265068 
650 0 |a Filosofía de las ciencias  |9 256466 
650 0 |a Metafísica  |9 265649 
583 |a last modification  |c 19950929 00:00:00  |k Rodrigo Vera 
490 0 |a Colección Ensayos 
999 |c 238999  |d 238997 
952 |0 0  |1 0  |4 0  |6 160_000000000000000_AYE_1971  |7 0  |8 A  |9 249767  |a BIBEDU  |b BIBEDU  |d 2019-11-18  |i 1567721  |o 160 AYE 1971  |p 1567721  |r 2019-11-18  |w 2019-11-18  |y BK  |k FIL